Befreiungskind / (Titelsatznr. 39756)
[ MARC ]
| 000 -Satzkennung | |
|---|---|
| Kontrollfeld mit fester Länge | 00803nam a22002651c 4500 |
| 001 - Kontrollnummer | |
| Kontrollfeld | a987676825 |
| 003 - Kontrollnummer Identifier | |
| Kontrollfeld | RU-10907106 |
| 005 - Datum und Zeit der letzten Transaktion | |
| Kontrollfeld | 20220225122126.0 |
| 008 - Feld mit fester Länge zur physischen Beschreibung - Allgemeine Angaben | |
| Kontrollfeld mit fester Länge | 160805s2015 gw |||| 000u ger d |
| 020 ## - Internationale Standardbuchnummer | |
| Internationale Standardbuchnummer | 9783902712202 |
| Verknüpfung | 978-3-902712-20-2 |
| 040 ## - Katalogisierungsquelle | |
| Übertragungsstelle | RU-10907106 |
| Original-Katalogisierungsstelle | RU-10907106 |
| Katalogisierungssprache | ger |
| 041 ## - Sprachcode | |
| Sprachcode des Textes/der Tonspur oder des separaten Titels | ger |
| 100 1# - Haupteintragung - Personenname | |
| Personenname | Dupuis, Eleonore |
| Koha-Normdatenidentnummer | 3100 |
| 245 00 - Titel | |
| Titel | Befreiungskind / |
| Verfasserangabe etc. | Eleonore Dupuis |
| 264 ## - Produktion, Veröffentlichung, Distribution, Herstellung und Urheberrechtsvermerk | |
| Herstellungs-, Veröffentlichungs- Vertriebs-, Erzeugungsort | Wien : |
| Produzent, Herausgeber, Distributor, Hersteller | Edition Liaunigg, |
| Datum der Herstellung, der Veröffentlichung, des Vertriebs oder des Urheberschutzvermerks | 2015 |
| 300 ## - Physische Beschreibung | |
| Umfang | 124 S. |
| 650 #0 - Nebeneintragung unter einem Schlagwort - Sachschlagwort | |
| Sachschlagwort oder geografischer Name als Eintragungselement | Russischer Soldat |
| Koha-Normdatenidentnummer | 3101 |
| 650 #0 - Nebeneintragung unter einem Schlagwort - Sachschlagwort | |
| Sachschlagwort oder geografischer Name als Eintragungselement | Besatzungszone |
| Koha-Normdatenidentnummer | 3102 |
| 650 #0 - Nebeneintragung unter einem Schlagwort - Sachschlagwort | |
| Sachschlagwort oder geografischer Name als Eintragungselement | Weltkrieg <1939-1945> |
| Koha-Normdatenidentnummer | 385 |
| 650 #0 - Nebeneintragung unter einem Schlagwort - Sachschlagwort | |
| Sachschlagwort oder geografischer Name als Eintragungselement | Kind |
| Koha-Normdatenidentnummer | 104 |
| 651 #0 - Nebeneintragung unter einem Schlagwort - Geografischer Name | |
| Geografischer Name | Sowjetunion |
| Koha-Normdatenidentnummer | 127 |
| 651 #0 - Nebeneintragung unter einem Schlagwort - Geografischer Name | |
| Geografischer Name | Österreich |
| Koha-Normdatenidentnummer | 659 |
| 856 4# - Elektronische Adresse und Zugriff | |
| URL | <a href="http://deposit.d-nb.de/cgi-bin/dokserv?id=5154262&prov=M&dok_var=1&dok_ext=htm04">http://deposit.d-nb.de/cgi-bin/dokserv?id=5154262&prov=M&dok_var=1&dok_ext=htm04</a> |
| OPAC-Notiz | Inhaltstext |
| 942 ## - Zusätzliche Felder (Koha) | |
| Koha-Medientyp | Monographien |
| Klassifikation oder Aufstellungssystematik | Andere/Generische Klassifikation |
| Ausgeschieden | Verloren | Klassifikation oder Aufstellungssystematik | Beschädigt | Nicht entleihbar | Heimatbibliothek | Aufenthaltsbibliothek | Aufstellungsort | Erwerbungsdatum | Inventarnummer | Signatur | Barcode | Letzte Aktivität | Preis gültig von | Koha-Medientyp |
|---|---|---|---|---|---|---|---|---|---|---|---|---|---|---|
| Andere/Generische Klassifikation | MWN Osteuropa | MWN Osteuropa | Lesesaal - 1 | 05/08/2016 | 16-02945 | W 66 E k Dup (D) | E00401509E33E3D2 | 23/02/2021 | 22/03/2021 | Monographien |